| 000 | 00325 a2200121 4500 | ||
|---|---|---|---|
| 020 | _a9694170818 | ||
| 082 | _a323.4905491 SHA | ||
| 100 | _aAyesha Shahid | ||
| 245 |
_aHuman Rights Pakistan Studies _cAyesha Shahid |
||
| 250 | _a2nd. ed | ||
| 260 |
_aIslamabad _bHigher Education Commission _c2004 |
||
| 300 |
_aix, 36p. : _c25 cm. |
||
| 650 | _aHuman Rights | ||
| 999 |
_c178 _d178 |
||